Rompiendo fronteras: ¿una mesoamérica "otra"? =
Se analiza la construcción de una Mesoamérica "otra" como un espacio de inversión y explotación de los recursos y de mano de obra. Se hace referencia también a los intereses del capital regional y del capital transnacional que han roto las fronteras tradicionales de la integración y han ab...
Na minha lista:
| Autor principal: | |
|---|---|
| Autor Corporativo: | |
| Formato: | Procedimiento de la Conferencia |
| Assuntos: | |
| Tags: |
Adicionar Tag
Sem tags, seja o primeiro a adicionar uma tag!
|
MARC
| LEADER | 00000 a a2200000 04500 | ||
|---|---|---|---|
| 001 | 43419 | ||
| 003 | |||
| 040 | |||
| 100 | |a Robles Rivera, Francisco | ||
| 245 | |a Rompiendo fronteras: |b ¿una mesoamérica "otra"? = |b Breaking borders : a mesoamerica "other"? / |c Francisco Robles Rivera | ||
| 500 | |a franroblescr@gmail.com | ||
| 520 | |a Se analiza la construcción de una Mesoamérica "otra" como un espacio de inversión y explotación de los recursos y de mano de obra. Se hace referencia también a los intereses del capital regional y del capital transnacional que han roto las fronteras tradicionales de la integración y han abierto una nueva carretera de México a Colombia. Además de ello, se caracteriza la remodelación normativa en los tratados de libre comercio y los nuevos esquemas militares en función de proteger la inversión privada frente a estrategias anti-neoliberalistas en la región. | ||
| 590 | |a KSR/AGOSTO2012 | ||
| 650 | |a 1.MESOAMERICA | ||
| 650 | |a 2.CAPITALISMO | ||
| 650 | |a 3.TRATADOS DE LIBRE COMERCIO | ||
| 650 | |a 4.INVERSIONES PRIVADAS | ||
| 650 | |a 5.SIMPOSIO | ||
| 711 | |a Simposio Los muchos contextos de Espacio |d (2011 marzo 21-23 : |c Universidad de Costa Rica) | ||
| 773 | |g volumen91, número1 (2012), páginas 235-246 | ||
| 999 | |c 37776 |d 37776 | ||
